[Event "Bamberg op 6th"]
[Site "Bamberg"]
[Date "2024.09.06"]
[Round "4"]
[White "Hempel, Lorenz"]
[Black "Richter, Moritz"]
[Result "1/2-1/2"]
[WhiteElo "1840"]
[BlackElo "2115"]
[PlyCount "56"]
[EventDate "2024.09.04"]
[EventType "swiss"]
[EventRounds "7"]
[EventCountry "GER"]
[SourceTitle "EXT 2025"]
[Source "ChessBase"]
[SourceDate "2024.10.14"]
[SourceVersion "1"]
[SourceVersionDate "2024.10.14"]
[SourceQuality "1"]

1. e4 e5 2. Nf3 d6 3. d4 exd4 4. Nxd4 Nf6 5. Nc3 Be7 6. Bf4 0-0 7. Qd2 c6 8. 0-0-0 b5 9. f3 b4 10. Nce2 c5 11. Nf5 Bxf5 12. exf5 d5 13. g4 d4 14. g5 Nd5 15. h4 Nc6 16. Ng3 Qa5 17. Bc4 Nc3 18. Rde1 Nxa2+ 19. Kd1 b3 20. Bxb3 Nab4 21. g6 Rad8 22. gxf7+ Rxf7 23. Bxf7+ Kxf7 24. Ne4 d3 25. c3 Nd5 26. Bg5 Ne5 27. Bxe7 Qa4+ 28. b3 Qa1+ 1/2-1/2